| 000 | 00487nam a2200169 i 4500 | ||
|---|---|---|---|
| 001 | bg | ||
| 245 | 1 | 0 |
_aPoradnik chemika analityka. _nT. 1, _pDane fizykochemiczne, analiza chemiczna / _cpod red. Jerzego Ciby. |
| 260 |
_aWarszawa : _bWydawnictwa Naukowo-Techniczne, _c1989. |
||
| 650 | 9 | _aChemia analityczna | |
| 655 | _aPoradniki | ||
| 700 | 1 |
_aCiba, Jerzy. _eRed. |
|
| 040 | _cBPK | ||
| 041 | _apol | ||
| 080 | _a543(08) | ||
| 942 | _cKS | ||
| 008 | s pl f |000 0 pol | ||
| 999 |
_c29042 _d29042 |
||
| 856 |
_uhttp://koha.tu.koszalin.pl/cgi-bin/koha/opac-detail.pl?biblionumber=29042 _yKatalog online BPK |
||